000 00743nac a22002051u 4500
010 _a010035813
020 _a007709848X
082 _a658.4092
_bLEV
090 _c8644
_d8644
100 _aLevicki, Cyril.
245 _aDeveloping leadership genius : the nature and nurture of leaders /
_cCyril Levicki.
260 _aLondon :
_bMcGraw-Hill, C.2001.
_cC.2001.
300 _axvi, 300 p. ;
_b24 cm.
500 _aDistributer: Baccah.
504 _aIncludes bibliographical references and index.
511 _aCatalogued By: Mahitab.
650 _aLeadership.
942 _cBB
_k658.4092LEV
999 _c8644
_d8644